countries named in europapa on a map - Statistics

General Stats
  • This quiz has been taken 107 times
  • The average score is 7 of 9
Answers on the Map
Answers color-coded by a green-red scale on the quiz's map according to % correct below.
 
Answer Stats
Answer % Correct
france
94%
italy
90%
germany
84%
spain
83%
poland
79%
netherlands
75%
united kingdom
75%
belgium
66%
austria
63%
No matching quizzes found
Score Distribution
Percent of People with Each Score
Percentile by Number Answered
Your Score History
You have not taken this quiz